Normal view MARC view
  • United States.

Entry Corporate Name

Number of records used in: 1

001 - CONTROL NUMBER

  • control field: 93836

003 - CONTROL NUMBER IDENTIFIER

  • control field: NUST

005 - DATE AND TIME OF LATEST TRANSACTION

  • control field: 20220719125216.0

008 - FIXED-LENGTH DATA ELEMENTS

  • fixed length control field: 220719|| aca||aabn | a|a d

040 ## - CATALOGING SOURCE

  • Original cataloging agency: NUST
  • Transcribing agency: NUST

110 ## - HEADING--CORPORATE NAME

  • Corporate name or jurisdiction name as entry element: United States.
  • Subordinate unit: Congress.
  • Subordinate unit: Senate

670 ## - SOURCE DATA FOUND

  • Source citation: Work cat.: (NUST)0: Harris, Kamala, 1964- author. 93834, The truths we hold :
© 2023 Central Library, National University of Sciences and Technology. All Rights Reserved.